Introduction To Intellectual Property Law / (Record no. 27232)

000 -LEADER
fixed length control field 00739nam a22002177a 4500
001 - CONTROL NUMBER
control field 0000001917
003 - CONTROL NUMBER IDENTIFIER
control field PPM
005 - DATE AND TIME OF LATEST TRANSACTION
control field 20260424111235.0
008 - FIXED-LENGTH DATA ELEMENTS--GENERAL INFORMATION
fixed length control field 260424b ||||| |||| 00| 0 eng d
020 ## - INTERNATIONAL STANDARD BOOK NUMBER
International Standard Book Number 0406258325
Qualifying information Paperback
035 ## - SYSTEM CONTROL NUMBER
System control number 0000001917
040 ## - CATALOGING SOURCE
Language of cataloging Eng
Transcribing agency Pusat Penyelidikan Mineral, Jabatan Mineral Dan Geosains Malaysia
Modifying agency PPM
Description conventions RDA
082 00 - DEWEY DECIMAL CLASSIFICATION NUMBER
Edition number 20
Classification number 344.1064
Item number PHI 1986
100 1# - MAIN ENTRY--PERSONAL NAME
Personal name Phillips, Jeremy
Relator term author
245 10 - TITLE STATEMENT
Title Introduction To Intellectual Property Law /
Statement of responsibility, etc. by Jeremy Phillips
260 #1 - PUBLICATION, DISTRIBUTION, ETC.
Place of publication, distribution, etc. London :
Name of publisher, distributor, etc. Butterworths ,
Date of publication, distribution, etc. 1986
300 00 - PHYSICAL DESCRIPTION
Extent xxx, 310 pages .:
Other physical details table, illustrations .;
Dimensions 21 cm
504 ## - BIBLIOGRAPHY, ETC. NOTE
Bibliography, etc. note Includes indexs (p.: 299 - 310 )
650 10 - SUBJECT ADDED ENTRY--TOPICAL TERM
Topical term or geographic name entry element Intellectual property
Geographic subdivision United States.
942 ## - ADDED ENTRY ELEMENTS (KOHA)
Source of classification or shelving scheme
Koha item type Books
Holdings
Withdrawn status Lost status Source of classification or shelving scheme Damaged status Not for loan Collection code Permanent Location Current Location Shelving location Date acquired Total Checkouts Full call number Date last seen Price effective from Koha item type
Available         Open Shelf PPM PPM Open Shelf 24/04/2026   344.1064 PHI 1986 24/04/2026 24/04/2026 Books